¿Hay lugar para la subjetividad en la escuela? (Record no. 136191)
[ view plain ]
| 000 -CABECERA | |
|---|---|
| campo de control de longitud fija | 00502nab a2200193 a 4500 |
| 005 - FECHA Y HORA DE LA ÚLTIMA TRANSACCIÓN | |
| campo de control | 20210219160352.0 |
| 008 - ELEMENTOS DE LONGITUD FIJA--INFORMACIÓN GENERAL | |
| campo de control de longitud fija | 991125s1985 mx 000 0 spa u |
| 035 ## - NÚMERO DE CONTROL DEL SISTEMA | |
| Número de control de sistema | UPN01000164078 |
| 100 1# - ASIENTO PRINCIPAL--NOMBRE PERSONAL | |
| Nombre de persona | Follari, Roberto |
| 222 ## - TÍTULO CLAVE | |
| Título clave | PERFILES EDUCATIVOS |
| 245 ## - MENCIÓN DE TÍTULO | |
| Título | ¿Hay lugar para la subjetividad en la escuela? |
| 260 ## - PUBLICACIÓN, DISTRIBUCIÓN, ETC. | |
| Lugar de publicación, distribución, etc. | México |
| 300 ## - DESCRIPCIÓN FÍSICA | |
| Extensión | 7-20 |
| 362 0# - FECHAS DE PUBLICACIÓN Y/O DESIGNACIÓN SECUENCIAL | |
| Fecha de publicación y/o designación secuencial | 2007 3a época, vol. 29, no. 115 |
| 653 0# - TERMINO DE INDIZACION - NO CONTROLADO | |
| Término no controlado | SUBJETIVIDAD |
| 653 0# - TERMINO DE INDIZACION - NO CONTROLADO | |
| Término no controlado | CULTURA |
| 653 0# - TERMINO DE INDIZACION - NO CONTROLADO | |
| Término no controlado | BUROCRACIA |
| 905 ## - TIPO DE MATERIAL | |
| Tipo de material | Articulo |
No items available.
